000 00608nam a2200241 i 4500
001 C2-0219859
003 PPAK
005 20180728112304.0
008 990912s xx a|||| ||||| | eng d
020 _a0241113261
040 _aPPAK
_beng
_cPPAK
_erda
082 0 4 _a760.04424
_2 23
090 0 0 _a760.04424
_bMAR
_dR
100 1 _aTaylor, Roger G.,
_eauthor
245 1 0 _aMarilyn in Art
264 1 _bElm Tree Books ,
300 _billustrations ;
_c24 cm
336 _2rdacontent
_atext
337 _2rdamedia
_aunmediated
338 _2rdacarrier
_avolume
650 1 0 _aActresses
942 _ddc
_cB
999 _c162409
_d162409